Quick Pick: Fast Food Slogans Quiz Stats

 Plays Quiz Updated Mar 4, 2016

Challenge
Share
Tweet
Embed
Score 0/12 Timer 01:00
1 Play Today
% Correct
McDonald's
90.1%
Chick-fil-a
89.1%
Subway
88.8%
Taco Bell
84.6%
Papa John's
79.2%
Little Caesars
75.8%
Burger King
73.4%
Wendy's
33.3%
KFC
31.8%
Arby's
27.3%
In-N-Out
27.1%
Pizza Hut
17.9%

Today's Daily Dose

Missing Word
Biopics

Word Ladder
Food Idioms

Quick Pick
Diets

On This Day
December 18th II

You're not logged in!

Compare scores with friends on all Sporcle quizzes.
OR
Log In

You Might Also Like...

Show Comments

Extras

Top Quizzes Today


Score Distribution

Your Account Isn't Verified!

In order to create a playlist on Sporcle, you need to verify the email address you used during registration. Go to your Sporcle Settings to finish the process.

Report this User

Report this user for behavior that violates our Community Guidelines.

Details: